| 000 | 00783nam a22001817a 4500 | ||
|---|---|---|---|
| 003 | JO-AjAnu | ||
| 005 | 20240623130807.0 | ||
| 008 | 231210b jo ||||| |||| 00| 0 ara d | ||
| 040 |
_aJO-AjAnu _bENG _cJO-AjAnu _dANU |
||
| 100 |
_aAlshomaly, Ibraheem Qassim Mohamed _964862 _ePrepared |
||
| 245 |
_a The Determinants of the Firm’s Market Value and the Effect of the Type of Business Sector
(An Empirical Study of Amman Bourse) _c / Prepear Ibraheem Qassim Mohamed Alshomaly ؛ Supervisor Abeer Fayez Al-Khoury |
||
| 260 |
_a _c2008 |
||
| 300 | _a106 paper | ||
| 500 | _aUniversity thesis (Master’s) - Yarmouk University, 2008 It contains tables | ||
| 650 | _vCorporations-Jordan-Finance | ||
| 700 |
_aAbeer Fayez Al-Khoury _964867 _eJoint Supervisor |
||
| 942 |
_2lcc _cTHS _n0 |
||
| 999 |
_c33257 _d33257 |
||